Statistics for Мейны Koshkodevochki

Click here to take the quiz!

General Stats

  • This quiz has been taken 4 times
  • The average score is 15 of 38

Answer Stats

Answer% Correct
Ари
100%
Люкс
100%
Серафина
100%
Сенна
100%
Моргана
67%
Гвен
67%
Мисс Фортуна
67%
Кай' Са
67%
Кейтлин
67%
Сорака
67%
Лулу
67%
Катарина
67%
Эвелинн
67%
Энни
67%
Гвен
67%
Ривен
33%
Ирелия
33%
Самира
33%
Шая
33%
Сона
33%
Амуму
33%
Карма
33%
Енэ
33%
Ясуо
33%
Зайра
33%
Нами
33%
Жанна
33%
Дрейвен
0%
Джинн
0%
Киана
0%
Релл
0%
Акали
0%
Рейкан
0%
Свейн
0%
Лилия
0%
Векс
0%
Нико
0%
Зед
0%

Score Distribution

Percentile by Number Answered

Percent of People with Each Score

Your Score History

You have not taken this quiz